Intermediate algebra structure and use

Saved in:
Bibliographic Details
Main Authors Barnett, Raymond A. (Author), Kearns, Thomas J. (Author)
Format Book
LanguageEnglish
Published New York : McGraw-Hill, 1990.
Edition4th ed.
Subjects
ISBN0-07-003946-1
Physical Descriptionxvi, 579 s.

Cover

LEADER 00000nam a2200000 a 4500
001 102832
003 CZ-ZlUTB
005 20210416134224.0
007 ta
008 940829s1990 xxu||||| |||||||| ||eng d
952 |0 0  |1 0  |4 0  |6 512BARNETTRA  |7 0  |8 BOOK  |9 162168  |a UTBZL  |b UTBZL  |c 005  |d 2021-04-16  |l 0  |o 512/BARNETT,R.A.  |p 420010186888  |r 2021-04-16 00:00:00  |v 520.00  |x N: nákup;  |y 01 
999 |c 102832  |d 102832 
020 |a 0-07-003946-1  |q (váz.) 
040 |a BOD004  |b cze 
072 7 |a 512  |x Algebra  |2 Konspekt  |9 13 
080 |a 512  |2 MRF 
080 |a (035)  |2 MRF 
100 1 |a Barnett, Raymond A.  |4 aut 
245 1 0 |a Intermediate algebra structure and use /  |c Raymond A. Barnett, Thomas J. Kearns. 
250 |a 4th ed. 
260 |a New York :  |b McGraw-Hill,  |c 1990. 
300 |a xvi, 579 s. 
650 0 7 |a algebra  |7 ph114025  |2 czenas 
650 0 7 |a algebra  |7 ph114025  |2 czenas 
655 7 |a příručky  |7 fd133209  |2 czenas 
700 1 |a Kearns, Thomas J.  |7 xx0048214  |4 aut 
910 |a ZLD002 
942 |2 udc 
992 |a BK